|
|
|
|
| LEADER |
00999nam a2200253 a 4500 |
| 001 |
1370310 |
| 008 |
090602s1981 njua b 001 0 eng d |
| 010 |
|
|
|a 81007394
|
| 020 |
|
|
|a 013001818X
|
| 020 |
|
|
|z 0120018007
|
| 020 |
|
|
|a 0130018007 (pbk.)
|
| 040 |
|
|
|a DLC
|c DLC
|d DLC
|
| 082 |
0 |
0 |
|a 657/.072
|2 19
|
| 100 |
1 |
|
|a Libby, Robert.
|
| 245 |
1 |
0 |
|a Accounting and human information processing :
|b theory and applications /
|c Robert Libby.
|
| 260 |
|
|
|a Englewood Cliffs, N.J. :
|b Prentice-Hall,
|c c1981.
|
| 300 |
|
|
|a xiii, 203 p. :
|b ill. ;
|c 24 cm.
|
| 490 |
1 |
|
|a Contemporary topics in accounting series
|
| 504 |
|
|
|a Includes Bibliography: p. 185-198 and index.
|
| 541 |
1 |
|
|e 00003612
|
| 650 |
|
0 |
|a Accounting
|x Decision making.
|
| 852 |
4 |
|
|a Ayesha Abed Library
|j General Shelf.
|
| 999 |
|
|
|c 1418
|d 1418
|
| 952 |
|
|
|0 0
|1 0
|2 ddc
|4 0
|6 657_072000000000000_LIB_1981
|7 0
|9 1296
|a BRACUL
|b BRACUL
|c GEN
|d 2009-06-25
|g 0.00
|l 0
|o 657.072 LIB
|p 3010003612
|r 2009-06-25
|t 1
|w 2009-06-25
|y BK
|x No price found in the accession register.
|